000 00609 a2200217 4500
005 20260108113435.0
008 260105b |||||||| |||| 00| 0 eng d
020 _a9789391113452
_cRs. 1295.00
040 _aMAIN
082 _a305.5670954092
_bA16L:A
100 _aLaxmi, N
245 _aAmbedkar's social revolution: The thought and legacy of India's champion of social justice
260 _aDelhi
_bKitabwallah
_c2023
300 _a256
650 _aSocial Sciences
650 _aSocial Groups
650 _aScheduled castes-India
700 _aRao, K S
700 _aManoj Singh
942 _cBK
999 _c394218
_d394218